[Event "65. Offene Kölner Stadtmeisterschaft"]
[Site "Arnoldiplatz 1, 50696 Köln"]
[Date "2025.05.31"]
[Round "5.9"]
[White "Di Franco, Patricio"]
[Black "Riemland, Arnold"]
[Result "0-1"]
[WhiteElo "2053"]
[BlackElo "2104"]
[Annotator "Hansel,Rainer"]
[PlyCount "102"]
[EventDate "2025.??.??"]
[WhiteTeam "Kölner SK Dr. Lasker 186"]
[BlackTeam "SG Kalker/Deutze"]

1. Nf3 d5 2. g3 Nf6 3. Bg2 g6 4. O-O Bg7 5. c4 c6 6. d4 O-O 7. Re1 b6 8. cxd5
cxd5 9. Ne5 Bb7 10. Nc3 Ne4 11. Qc2 Nxc3 12. Qxc3 Nd7 13. Nc6 Qe8 14. Nb4 Rc8
15. Qa3 a5 16. Nxd5 Bxd5 17. Bxd5 Bxd4 18. Bh6 (18. Qa4 Bc5 19. Bc6 Rc7 20. Rd1
Bd6 21. Bh6) 18... Bg7 19. Bxg7 Kxg7 20. Rac1 Nf6 21. Bf3 Qd7 22. Qe3 Qe6 23.
Qxe6 fxe6 24. Bb7 Rxc1 25. Rxc1 Rd8 26. Rc6 Rd6 27. f3 Nd7 28. Rc7 Nc5 29.
Rxe7+ Kf6 30. Rxh7 Rd2 31. e4 Rxb2 32. f4 g5 33. e5+ Kg6 34. Re7 gxf4 35. gxf4
Rxa2 36. Bf3 Ra4 37. Bg4 Rxf4 38. Bxe6 a4 39. Bd5 Rd4 40. Bg8 a3 41. Ra7 Ra4
42. Rxa4 Nxa4 43. Kf2 Kg7 44. Ba2 (44. Bb3 Nc3 45. Ke3 a2 46. Bxa2 Nxa2 47. Kd4
Nb4 48. Kc4 Na6 49. Kb5) 44... Nc3 45. Bb3 a2 46. Bxa2 Nxa2 47. Ke3 Nb4 48. Kd4
Na6 49. Kd5 b5 50. h4 b4 51. Kc4 Kg6 0-1

[Event "65. Offene Kölner Stadtmeisterschaft"]
[Site "Arnoldiplatz 1, 50696 Köln"]
[Date "2025.05.31"]
[Round "5.10"]
[White "Marcziter, Dmitrii"]
[Black "Koehler, Ronald"]
[Result "1/2-1/2"]
[WhiteElo "2208"]
[BlackElo "2083"]
[PlyCount "71"]
[EventDate "2025.??.??"]
[WhiteTeam "SG Porz e. V."]
[BlackTeam "Kölner SK Dr. Lasker 186"]

1. d4 d5 2. Nf3 Nf6 3. c4 c6 4. g3 dxc4 5. Bg2 g6 6. O-O Bg7 7. Ne5 Ng4 8. Nf3
Nf6 9. a4 Ne4 10. Ne5 Bxe5 11. dxe5 Qxd1 12. Rxd1 Nc5 13. Bh6 Nb3 14. Ra3 Be6
15. Nd2 Nd7 16. Nxb3 cxb3 17. a5 a6 18. Ra4 O-O-O 19. Rc1 Nb8 20. Bf3 Rd7 21.
e4 Rg8 22. h4 f6 23. exf6 exf6 24. Be3 g5 25. hxg5 fxg5 26. Rb4 h6 27. Bd1 Re8
28. f3 Rf7 29. Kg2 Ref8 30. Rc3 Nd7 31. Bd4 Re8 32. Bf2 Nf6 33. Bxb3 g4 34. Bd4
Bxb3 35. Rbxb3 Nd7 36. Re3 1/2-1/2